[Event "OMA-ch"]
[Site "Muscat"]
[Date "2021.09.28"]
[Round "8"]
[White "Al Mamari, Ahmed"]
[Black "Al Mamari, Ahmed"]
[Result "1-0"]
[WhiteElo "1718"]
[BlackElo "1718"]
[PlyCount "145"]
[EventDate "2021.09.22"]
[EventType "swiss"]
[EventRounds "9"]
[EventCountry "OMN"]
[SourceTitle "EXT 2023"]
[Source "ChessBase"]
[SourceDate "2022.10.05"]
[SourceVersion "1"]
[SourceVersionDate "2022.10.05"]
[SourceQuality "1"]

1. e4 c5 2. Nf3 d6 3. d4 cxd4 4. Qxd4 Nc6 5. Qe3 Nf6 6. Bb5 Bd7 7. Nc3 a6 8. Bc4 e6 9. 0-0 Be7 10. a3 0-0 11. e5 dxe5 12. Nxe5 Nxe5 13. Qxe5 h6 14. Bd3 Kh8 15. h3 Rc8 16. Be3 Qc7 17. Qxc7 Rxc7 18. Rad1 Bc5 19. Bf4 Rcc8 20. Be5 Be7 21. Rfe1 Bc6 22. Ne2 Nd7 23. Bc3 Rfe8 24. Nd4 Bd5 25. Re3 Nf6 26. Nf3 Nd7 27. Nh2 Nc5 28. Ng4 Nd7 29. Rg3 f6 30. Ne3 Bc6 31. Re1 Nf8 32. Nc4 Bb5 33. Na5 Bxd3 34. Rxd3 b6 35. Nb3 e5 36. Red1 Ne6 37. g3 Red8 38. Rd7 Rc7 39. Rxd8+ Nxd8 40. Rd2 Ne6 41. Kf1 Bxa3 42. Bxe5 fxe5 43. bxa3 Nd4 44. Nxd4 exd4 45. Ke2 Rc4 46. Kd3 Rc3+ 47. Kxd4 Rxa3 48. c4 Rb3 49. Ra2 a5 50. c5 bxc5+ 51. Kxc5 Rb4 52. Rxa5 Rb2 53. Ra8+ Kh7 54. Rf8 Rd2 55. Kc4 Kg6 56. Kc3 Rd1 57. Kc2 Rd4 58. Rf3 Kg5 59. Rd3 Rxd3 60. Kxd3 Kf5 61. Ke3 g5 62. f3 Ke5 63. h4 Kd5 64. f4 gxh4 65. gxh4 Ke6 66. Ke4 h5 67. Kd4 Kf6 68. Ke4 Ke6 69. f5+ Kf7 70. Ke5 Ke7 71. f6+ Kf8 72. Kf5 Kf7 73. Kg5 1-0

[Event "OMA-ch"]
[Site "Muscat"]
[Date "2021.09.25"]
[Round "5"]
[White "Al Mamari, Ahmed"]
[Black "Al Ansi, Amin Hassan"]
[Result "0-1"]
[WhiteElo "1718"]
[BlackElo "1816"]
[PlyCount "84"]
[EventDate "2021.09.22"]
[EventType "swiss"]
[EventRounds "9"]
[EventCountry "OMN"]
[SourceTitle "EXT 2023"]
[Source "ChessBase"]
[SourceDate "2022.10.05"]
[SourceVersion "1"]
[SourceVersionDate "2022.10.05"]
[SourceQuality "1"]

1. b3 d5 2. Bb2 c5 3. e3 Nc6 4. d4 Nf6 5. Nf3 Bg4 6. Be2 e6 7. Nbd2 h6 8. 0-0 Bd6 9. c4 cxd4 10. cxd5 exd5 11. Nxd4 Bd7 12. N4f3 0-0 13. h3 Re8 14. Bd3 Nb4 15. Be2 Bf5 16. Nd4 Bd3 17. a3 Bxe2 18. Qxe2 Nc6 19. Rac1 Nxd4 20. Bxd4 Bxa3 21. Ra1 Bb4 22. Rxa7 Rxa7 23. Bxa7 Qa5 24. Bd4 Bxd2 25. Ra1 Qb4 26. Ra2 Bc3 27. Bxf6 Bxf6 28. Qd3 Qe4 29. Rd2 Qxd3 30. Rxd3 Rd8 31. g4 g6 32. f3 Kf8 33. Kf2 Ke7 34. Kg3 Ke6 35. f4 g5 36. Kf3 Rc8 37. f5+ Kd6 38. e4 d4 39. Ke2 Rc3 40. Kd2 b5 41. Ke2 Rxd3 42. Kxd3 Ke5 0-1

[Event "OMA-ch"]
[Site "Muscat"]
[Date "2021.09.25"]
[Round "4"]
[White "Al Mamari, Ahmed"]
[Black "Al Zadjali, Abdul Rahman"]
[Result "0-1"]
[WhiteElo "1718"]
[BlackElo "1594"]
[PlyCount "112"]
[EventDate "2021.09.22"]
[EventType "swiss"]
[EventRounds "9"]
[EventCountry "OMN"]
[SourceTitle "EXT 2023"]
[Source "ChessBase"]
[SourceDate "2022.10.05"]
[SourceVersion "1"]
[SourceVersionDate "2022.10.05"]
[SourceQuality "1"]

1. e4 c5 2. d4 cxd4 3. Qxd4 Nc6 4. Qe3 d6 5. Nc3 g6 6. Bd2 Nf6 7. h3 Bg7 8. Bc4 0-0 9. 0-0-0 Bd7 10. f4 Na5 11. Bd3 b5 12. e5 Ne8 13. Nf3 Nc4 14. Bxc4 bxc4 15. g4 Bc6 16. Rhe1 Qb6 17. Qxb6 axb6 18. Nd4 Bg2 19. h4 dxe5 20. fxe5 Bh3 21. Re4 Bg2 22. Re2 Bh3 23. Rg1 f5 24. gxf5 Bxf5 25. Nd5 e6 26. Nxb6 Rxa2 27. Kb1 Ra6 28. Nxc4 Nc7 29. Nxf5 exf5 30. b3 Nb5 31. Nb2 Rfa8 32. Na4 Nd4 33. Re3 Bh6 34. Rd3 Bxd2 35. Rxd4 Be3 36. Rgd1 Bxd4 37. Rxd4 Re6 38. Rd5 Rae8 39. Nc3 Rxe5 40. Rxe5 Rxe5 41. b4 f4 42. Kb2 f3 43. Nd1 Re4 44. Kb3 Kf7 45. b5 Ke7 46. c4 Re1 47. Nf2 Re2 48. b6 Kd7 49. Ng4 f2 50. Nh2 Re1 51. Kb4 Rh1 52. Nf3 f1Q 53. Ne5+ Kc8 54. Nc6 Qb1+ 55. Kc5 Qf5+ 56. Kb4 Rb1+ 0-1

[Event "OMA-ch"]
[Site "Muscat"]
[Date "2021.09.24"]
[Round "3"]
[White "Al Kathiri, Mana"]
[Black "Al Mamari, Ahmed"]
[Result "0-1"]
[WhiteElo "1521"]
[BlackElo "1718"]
[PlyCount "86"]
[EventDate "2021.09.22"]
[EventType "swiss"]
[EventRounds "9"]
[EventCountry "OMN"]
[SourceTitle "EXT 2023"]
[Source "ChessBase"]
[SourceDate "2022.10.05"]
[SourceVersion "1"]
[SourceVersionDate "2022.10.05"]
[SourceQuality "1"]

1. d4 f5 2. e4 fxe4 3. Nc3 Nf6 4. Bg5 e6 5. Nxe4 Be7 6. Nxf6+ Bxf6 7. Qh5+ g6 8. Bxf6 Qxf6 9. Qg4 Nc6 10. 0-0-0 d6 11. Bb5 Bd7 12. Nf3 0-0-0 13. Bxc6 Bxc6 14. d5 Bd7 15. dxe6 Bxe6 16. Qa4 Kb8 17. Rd3 Rhf8 18. Kb1 Bd7 19. Qb4 Rde8 20. a4 Re2 21. Rf1 Bf5 22. Rc3 Rfe8 23. a5 R8e4 24. Qb5 Qe6 25. a6 Qc8 26. Rd1 b6 27. Nd4 Bd7 28. Qd3 Re1 29. Rxe1 Rxe1+ 30. Ka2 Qg8+ 31. b3 Qd5 32. Kb2 Qa5 33. b4 Qa1+ 34. Kb3 Rb1+ 35. Kc4 Qxa6+ 36. Kd5 Qb7+ 37. Nc6+ Ka8 38. b5 Qc8 39. Qe2 Qg8+ 40. Kd4 Qg7+ 41. Kc4 Qf7+ 42. Kd4 Qf6+ 43. Ke4 Qxc3 0-1

[Event "OMA-ch"]
[Site "Muscat"]
[Date "2021.09.23"]
[Round "2"]
[White "Al Mamari, Ahmed"]
[Black "Al Raisi, Yasser Mansoor"]
[Result "1-0"]
[WhiteElo "1718"]
[BlackElo "1496"]
[PlyCount "101"]
[EventDate "2021.09.22"]
[EventType "swiss"]
[EventRounds "9"]
[EventCountry "OMN"]
[SourceTitle "EXT 2023"]
[Source "ChessBase"]
[SourceDate "2022.10.05"]
[SourceVersion "1"]
[SourceVersionDate "2022.10.05"]
[SourceQuality "1"]

1. e4 e6 2. d4 d5 3. Nc3 Bb4 4. Bd3 c5 5. dxc5 d4 6. a3 Bxc5 7. Nce2 e5 8. Nf3 Nc6 9. 0-0 a6 10. b4 Bd6 11. c4 dxc3 12. Nxc3 Bg4 13. Be3 Nf6 14. Bc4 0-0 15. Qb3 Bxf3 16. gxf3 Nd4 17. Bxd4 exd4 18. Ne2 b5 19. Bd3 Nh5 20. Qd5 Nf4 21. Nxf4 Bxf4 22. Qf5 Qg5+ 23. Qxg5 Bxg5 24. Kg2 Rac8 25. Kg3 Rc3 26. Rfd1 h5 27. f4 Be7 28. f3 Rfc8 29. e5 g6 30. Be4 Rd8 31. Rd3 Kg7 32. Rad1 Rxd3 33. Rxd3 f5 34. Bb7 a5 35. bxa5 b4 36. axb4 Bxb4 37. a6 Bc5 38. Kf2 Rd7 39. Ke2 Rc7 40. Rb3 Ba7 41. Kd3 h4 42. h3 g5 43. fxg5 Kg6 44. f4 Rc1 45. Bd5 Rg1 46. Rb7 Rg3+ 47. Kd2 Bc5 48. a7 Ra3 49. Bf7+ Kg7 50. Bh5+ Kf8 51. Rb8+ 1-0